sanat - kompastun - isac elliot feat costi - Statistics

General Stats
  • This quiz has been taken 30 times
  • The average score is 209 of 350
Answer Stats
Hint Answer % Correct
kompastun
100%
joka
96%
96%
92%
suhun
92%
tää
92%
tuu
92%
kohta
88%
luoksesi
88%
mut
88%
mutta
88%
tuun
88%
juosta
85%
kiinni
85%
koitan
85%
oo
85%
oon
85%
pakoon
85%
tääl
85%
täällä
85%
taas
85%
takas
85%
viikonloppu
85%
saat
81%
sun
81%
et
77%
on
73%
tän
73%
ja
69%
valehtelen
69%
en
65%
illan
65%
itselleni
65%
kuljetaan
65%
parempia
65%
askel
62%
fiilikset
62%
jälkeen
62%
kaikki
62%
mun
62%
omii
62%
teitä
62%
enää
58%
herkkä
58%
kun
58%
loppuu
58%
murehtia
58%
tragediaan
58%
vaik
58%
ettei
54%
kaa
54%
niin
54%
pahin
54%
costi viikonloppuna
54%
ei
50%
kerrot
50%
kompastuskivi
50%
lupasin
50%
pelkään
50%
antaudu
46%
ikinä
46%
kandee
46%
katset
46%
maailmaan
46%
mainetta
46%
oot
46%
se
46%
tiiän
46%
ain
42%
harjaantuu
42%
hyvä
42%
kyl
42%
kyllä
42%
nimi
42%
pettäjän
42%
siit
42%
soppa
42%
tulen
42%
jos
38%
kestämään
38%
oli
38%
sano
38%
unteni
38%
aika
35%
aikeet
35%
costi baby
35%
hajaantuu
35%
mielessä
35%
mis
35%
mul
35%
ole
35%
paineen
35%
piti
35%
sul
35%
viimeks
35%
haluaisi
31%
joku
31%
kiertäny
31%
mennä
31%
meno
31%
mitä
31%
nyt
31%
olet
31%
sammaltuu
31%
tänää
31%
teki
31%
tekopyhä
31%
veikkaan
31%
viesteis
31%
älä
27%
antaisit
27%
arjessa
27%
blokkaan
27%
elämä
27%
emännät
27%
eri
27%
hyvää
27%
iholla
27%
kaiken
27%
kantautuu
27%
kenenkää
27%
kentällä
27%
korvaani
27%
lentää
27%
meil
27%
mentii
27%
miinoja
27%
mitää
27%
mua
27%
muijan
27%
mulle
27%
sait
27%
suusta
27%
tavote
27%
tekisit
27%
tiloilla
27%
työnteos
27%
vaa
27%
vaan
27%
velii
27%
elää
23%
elos
23%
kyläs
23%
kynä
23%
lihoista
23%
luokseni
23%
meitsi
23%
menneisyyttä
23%
midi
23%
mulla
23%
muuta
23%
neljässä
23%
pelkästää
23%
rahnaantuu
23%
särö
23%
semisyvä
23%
Suomen
23%
sydämessä
23%
syömässä
23%
tilin
23%
tulevaa
23%
tunteeni
23%
vähä
23%
varten
23%
vieraissa
23%
viikossa
23%
yhä
23%
adios
19%
ennenkää
19%
hallussa
19%
kuulee
19%
nollantuu
15%
käynykää
12%
saisin
12%
No matching quizzes found
Score Distribution
Percent of People with Each Score
Percentile by Number Answered
Your Score History
You have not taken this quiz